| 000 | 00622nam a2200181 i 4500 | ||
|---|---|---|---|
| 001 | 47391 | ||
| 003 | ES-MaACL | ||
| 005 | 20231227175042.0 | ||
| 007 | t| | ||
| 008 | 030407s1973 sp ||||1| spa d | ||
| 100 | 1 |
_aCorbin Ferrer, Juan-Luis. _940472 |
|
| 245 | 1 | 3 |
_aLa Calle del Mar _b: sus casas y sus hombres / _cJuan-Luis Corbin Ferrer ; prólogo del Marqués de Lozoya. |
| 260 |
_aValencia : _b[s.n.], _c1973. |
||
| 300 |
_a191 p. ; _c25 cm. |
||
| 700 | 1 |
_aLozoya, Juan de Contreras y López de Ayala, _cMarqués de, _d1893-1978 _9129112 |
|
| 852 |
_aES-MaACL _jC-56249 _bR.88724 |
||
| 999 |
_c47391 _d47391 |
||